000 00574nam a2200181Ia 4500
008 090124s9999 xx 000 0 und d
082 _b7290
_a5499
100 _aजोशी रामचंद्र भिकाजी
245 _a कवच काचेचे
250 _a1
260 _c1949
300 _a124
600 _aजोशी रामचंद्र भिकाजी
630 _a कवच काचेचे
700 _aजोशी रामचंद्र भिकाजी
730 _a कवच काचेचे
942 _cBOOK
999 _c121231
_d121231